Assessment of antimicrobial properties of clear aligners and essix retainers coated with Nitrogen doped Zinc oxide mutans and candida albicans (Record no. 32113)

MARC details
000 -LEADER
fixed length control field 00436nam a22001337a 4500
003 - CONTROL NUMBER IDENTIFIER
control field SGT
082 ## - DEWEY DECIMAL CLASSIFICATION NUMBER
Classification number 617.643
Item number A25Y
100 ## - MAIN ENTRY--PERSONAL NAME
Personal name Yadav, Renu
245 ## - TITLE STATEMENT
Title Assessment of antimicrobial properties of clear aligners and essix retainers coated with Nitrogen doped Zinc oxide mutans and candida albicans
Remainder of title An In Vitro study
260 ## - PUBLICATION, DISTRIBUTION, ETC. (IMPRINT)
Place of publication, distribution, etc Gurugram, Haryana
Name of publisher, distributor, etc SGT University
Year of Publication 2025
300 ## - PAGE DESCRIPTION
No. of Pages 126
650 ## - SUBJECT ADDED ENTRY--TOPICAL TERM
Topical term or geographic name as entry element Orthodontics
942 ## - ADDED ENTRY ELEMENTS (KOHA)
Source of classification or shelving scheme Dewey Decimal Classification
Koha item type Thesis/Dissertation
Holdings
Withdrawn status Lost status Source of classification or shelving scheme Damaged status Use restrictions Not for loan Home library Current library Date acquired SGTU Total Checkouts Full call number Accession No. (Barcode) Date last seen Bill Date Koha item type
    Dewey Decimal Classification   Restricted Access Not For Loan SGT Dental Library SGT Dental Library 14/07/2025 SGTU   617.643 A25Y DT2259 14/07/2025 14/07/2025 Thesis/Dissertation